Learning Resource and Development

Food quality management / (Record no. 31665)

MARC details
000 -LEADER
fixed length control field 02088nam a2200313 i 4500
003 - CONTROL NUMBER IDENTIFIER
control field CSPC
005 - DATE AND TIME OF LATEST TRANSACTION
control field 20260205132606.0
008 - FIXED-LENGTH DATA ELEMENTS--GENERAL INFORMATION
fixed length control field 260203s2023 nyua b 001 0 eng d
020 ## - INTERNATIONAL STANDARD BOOK NUMBER
International Standard Book Number 9781641722162
040 ## - CATALOGING SOURCE
Original cataloging agency CSPC
Language of cataloging eng
Transcribing agency CSPC
Description conventions rda
050 00 - LIBRARY OF CONGRESS CALL NUMBER
Classification number TP372.5
Item number .F66 2023
082 00 - DEWEY DECIMAL CLASSIFICATION NUMBER
Edition number 23
Classification number 363.192
Item number N821f
100 1# - MAIN ENTRY--PERSONAL NAME
Personal name Norton, Emmett,
Relator term author.
245 10 - TITLE STATEMENT
Title Food quality management /
Statement of responsibility, etc. Emmett Norton.
264 #1 - PRODUCTION, PUBLICATION, DISTRIBUTION, MANUFACTURE, AND COPYRIGHT NOTICE
Place of production, publication, distribution, manufacture New York, NY :
Name of producer, publisher, distributor, manufacturer Larsen & Keller,
Date of production, publication, distribution, manufacture, or copyright notice 2023.
300 ## - PHYSICAL DESCRIPTION
Extent viii, 202 pages :
Other physical details illustrations ;
Dimensions 27 cm.
336 ## - CONTENT TYPE
Source rdacontent
Content type term text
337 ## - MEDIA TYPE
Source rdamedia
Media type term unmediated
338 ## - CARRIER TYPE
Source rdacarrier
Carrier type term volume
490 0# - SERIES STATEMENT
Series statement Textbook series
504 ## - BIBLIOGRAPHY, ETC. NOTE
Bibliography, etc. note Includes bibliographical references and index.
505 0# - FORMATTED CONTENTS NOTE
Formatted contents note What is food safety? -- Food quality -- Methods of food safety -- Preservation techniques -- Food pathogens -- Effects of food contamination -- Food allergies.
520 ## - SUMMARY, ETC.
Summary, etc. "The sum of all analyzable attributes of a food item such as its sensoric value, suitability value and health value are termed as food quality. Some of the factors which are considered under their are the flavor, texture and appearance of the food item. Food quality management is responsible for ensuring that the food items are safe and fit for consumption. There are various important aspects of food quality management such as quality assurance and quality control. Quality assurance seeks to prevent any defect in the food item by studying its processing. This book presents the complex subject of food quality management in the most comprehensible and easy to understand language. The topics covered herein deal with the core subjects of this field. This book is appropriate for students seeking detailed information in this area as well as for experts"-- Back cover.
650 #0 - SUBJECT ADDED ENTRY--TOPICAL TERM
Topical term or geographic name entry element Food
Form subdivision Quality
General subdivision Management.
650 #0 - SUBJECT ADDED ENTRY--TOPICAL TERM
Topical term or geographic name entry element Food
General subdivision Safety measures.
650 #0 - SUBJECT ADDED ENTRY--TOPICAL TERM
Topical term or geographic name entry element Food industry and trade
General subdivision Quality control.
942 ## - ADDED ENTRY ELEMENTS (KOHA)
Source of classification or shelving scheme Dewey Decimal Classification
Suppress in OPAC No
Koha item type Books
Edition 23
Classification part 363.192
Item part N821f
Call number prefix CIR
Call number suffix 2023
Holdings
Withdrawn status Lost status Source of classification or shelving scheme Damaged status Not for loan Home library Current library Shelving location Date acquired Total Checkouts Full call number Barcode Date last seen Copy number Price effective from Koha item type
    Dewey Decimal Classification     Main Library Main Library Circulation Section 02/03/2026   CIR 363.192 N821f 2023 031174 02/03/2026 1-1 02/03/2026 Books